Statistics for Female Marvel Heroes by Picture #3

Click here to take the quiz!

General Stats

  • This quiz has been taken 22 times
  • The average score is 12 of 16

Answer Stats

Answer% Correct
Mantis
100%
Maria Hill
95%
Wasp
89%
Gwenpool
84%
Rogue
84%
Domino
79%
Emma Frost
79%
Psylocke
79%
Valkyrie
79%
Dagger
63%
Dazzler
63%
Magik
63%
Polaris
63%
Mockingbird
58%
Clea
42%
Shanna
37%

Score Distribution

Percentile by Number Answered

Percent of People with Each Score

Your Score History

You have not taken this quiz